00593cam a22001934a 4500020001800000020001500018020003100033020002800064040000800092082002600100100002200126245005500148260004100203300003400244490005800278650001600336650002500352650002200377 a9780821378120 a0821378120 a9780821378137 (electronic) a0821378139 (electronic) cDLC00a330 WOR 2009 C158 Or.1 aIarossi, Giuseppe13aAn assessment of the investment climate in Kenya / aWashington, DC :bWorld Bank,cc2009 axiii, 121 p. :bill. ;c23 cm1 aDirections in development. Private sector development 0aInvestments 0aBusiness enterprises 0aCorporate culture